|
|
|
|
| LEADER |
00000nam0a2200000 4500 |
| 001 |
371408 |
| 005 |
20231102012357.0 |
| 035 |
|
|
|a (RuTPU)RU\TPU\retro\28818
|
| 090 |
|
|
|a 371408
|
| 100 |
|
|
|a 20221017d1900 m y0rusy50 ca
|
| 101 |
0 |
|
|a rus
|
| 102 |
|
|
|a RU
|
| 105 |
|
|
|a a z 000zy
|
| 200 |
1 |
|
|a Постройка храма и переустройство прочих зданий подворья Киево-Печерской лавры в С.-Петербурге
|f В. А. Косяков
|
| 210 |
|
|
|a Санкт-Петербург
|c Типография А. С. Суворина
|d 1900
|
| 215 |
|
|
|a 82 с., 5 л.
|c черт.
|
| 300 |
|
|
|a Дозволено цензурою. С.-Петербург, 11 января 1900 г.
|
| 300 |
|
|
|a Текст в русской дореформенной орфографии
|
| 316 |
|
|
|5 63413507: 53//63
|a На форзаце владельческий печатный экслибрис: «Библиотеки Окр. Инж. Упр. С.В.О.»
|
| 316 |
|
|
|5 63413507: 53//69
|a На титульном листе книги штамп: «Библиотека Окр. Инж. Упр. С.В.О.»
|
| 317 |
|
|
|5 63413507: 53//69
|a Поступил в НТБ в 1920 г. в дар от Окружного Инженерного управления Сибирского Военного Округа в Омске
|
| 606 |
1 |
|
|a Культовая архитектура
|2 stltpush
|3 (RuTPU)RU\TPU\subj\16741
|9 42677
|
| 610 |
1 |
|
|a планы
|
| 610 |
1 |
|
|a расчеты
|
| 610 |
1 |
|
|a расчеты на прочность
|
| 610 |
1 |
|
|a храмы
|
| 610 |
1 |
|
|a церкви
|
| 610 |
1 |
|
|a строительные работы
|
| 610 |
1 |
|
|a сметы
|
| 610 |
1 |
|
|a фасады
|
| 610 |
1 |
|
|a фасадные элементы
|
| 610 |
1 |
|
|a купольные конструкции
|
| 610 |
1 |
|
|a купольные своды
|
| 610 |
1 |
|
|a конструкции
|
| 610 |
1 |
|
|a арки
|
| 610 |
1 |
|
|a владельческие знаки
|
| 610 |
1 |
|
|a Коллекция СибВО
|
| 675 |
|
|
|a 726
|v 3
|
| 700 |
|
1 |
|a Косяков
|b В. А.
|g Василий Антонович
|
| 801 |
|
1 |
|a RU
|b 63413507
|c 20221017
|
| 801 |
|
2 |
|a RU
|b 63413507
|c 20230130
|g RCR
|
| 942 |
|
|
|c BK
|